000 00167 a2200097 4500
001 14314
100 _a
245 _a
260 _aOxford
_b
_c
090 _c11223
_d11223
942 _aNUST-CAE
_c
_c1363
999 _c249387
_d249387